| 000 | 00990nam a2200253 i 4500 | ||
|---|---|---|---|
| 001 | 80166 | ||
| 003 | ES-MaACL | ||
| 005 | 20250923161242.0 | ||
| 007 | t| | ||
| 008 | 041026s1965 sp ||||1| spa d | ||
| 245 | 0 | 0 |
_aHistoria del pais valenciá / _cpròleg de J.E. Martínez Ferrando. |
| 250 | _a[1ª ed.]. | ||
| 260 |
_aBarcelona : _bEdicions 62, _c[1965] |
||
| 300 |
_a1 v. : _bil. ; _c21 cm. |
||
| 490 | 1 |
_aCol·lecció Estudis i Documents ; _v5 |
|
| 505 | 8 | _aContiene: V. I: Prehistoria i antiguitat / Miquel Tarradell. Epoca musulmana / Manuel Sanchís i Guarner ; prólog de J.E. Martínez Ferrando. 375 p. | |
| 651 | 4 |
_aComunidad Valenciana- _xHistoria. _9153487 |
|
| 700 | 1 |
_aTarradell, Miquel. _9109320 |
|
| 700 | 1 |
_aSanchis Guarner, Manuel, _d1911-1981 _9103013 |
|
| 700 | 1 |
_aMartínez Ferrando, Ernest, _d1891-1965 _978083 |
|
| 830 | 0 |
_aCol·lecció Estudis i Documents ; _v5 _9187245 |
|
| 852 |
_aES-MaACL _jP-215-Ter _bR.56554 |
||
| 999 |
_c80166 _d80166 |
||